Responses for Show #1487 - Tuesday, February 5, 1991

Leslie Frates game 3. Game entered from audiorecording. Missing prizes.

Contestants

[<< previous game]

Jeff Czernis, a software marketing executive originally from Pasadena, California

Inez Seeger, a sleep researcher originally from Ecuador, South America

Leslie Frates, a Spanish teacher from Hayward, California (whose 2-day cash winnings total $13,198)

[next game >>]

Jeopardy! Round responses

REVOLUTIONARY WAR HEROES
SPORTS QUOTES
CHILDREN'S LITERATURE
8-LETTER WORDS
FASHION HISTORY
TAXI
(Alex: Taxi is underlined; that means it's a reference to the television series of the same name.)
    $100 23
the Marquis de Lafayette

Leslie
    $100 4
Pete Rose

Leslie
    $100 13
the Emerald City

Leslie
    $100 1
graffiti

Leslie
    $100 15
(Leslie: What is a jacket?)
...
(Alex: It's not usually a jacket, it's an [*], a topcoat.)

overcoat

Leslie
Triple Stumper
    $100 10
(Alex: [*], yes, Danny DeVito, that's his wife.)

Louie

Leslie
    $200 24
Benedict Arnold

Leslie
    $200 17
Babe Ruth

Leslie
    $200 19
Paris

Leslie
    $200 2
wrangler

Leslie
    $200 6
wigs (or hairstyles)

Leslie
    $200 9
Tony Danza

Leslie
    $300 25
John Paul Jones

Leslie
    $300 28
[The end-of-round signal sounds.]

Joe Namath

Jeff
    $300 20
Ferdinand

Leslie
    $300 3
glossary

Jeff
    $300 16
a hat

Jeff
    $300 11
(Jeff: Who is Andy Kaufman?)
...
(Alex: [*], yes, Christopher Lloyd. Andy Kaufman played Latka.)

Reverend Jim (Ignatowski)

LeslieJeff
    $400 26
the Green Mountain Boys

Inez
    $1,500 21
(Alex: Select again, we have a minute to go.)

The Velveteen Rabbit

Leslie
    $400 5
(Leslie: What is a flange?)

fragment

LeslieInez
    $400 8
(Inez: What is a crinoline?)

a ruff

Inez
Triple Stumper
    $400 12
(Inez: Who is Alex?)
...
(Alex: Now Inez remembers, but it's too late. Who is [*], played by Marilu Henner.)

Elaine Nardo

Inez
Triple Stumper
    $500 27
Alexander Hamilton

Triple Stumper
    $500 22
Edward Lear

Triple Stumper
    $500 7
daiquiri

Inez
    $500 18
(Alex: The word sounds Latin, and rightfully so, because it's [*].)

the Roman civilization

Triple Stumper
    $500 14
Louise Lasser

Triple Stumper

Scores at the first commercial break (after clue 13):

Leslie Inez Jeff
$900 $100 $0

Scores at the end of the Jeopardy! Round:

Leslie Inez Jeff
$3,600 $500 $600

Double Jeopardy! Round responses

GREAT DISASTERS
FROM THE FRENCH
THE PLANETS
PLAYWRIGHTS
THE PACIFIC
(Alex: A lot of Ps there.)
CREATION ACCOUNTS
(Alex: Accounts of creation.)
    $200 27
Mount St. Helens

Leslie
    $200 2
sashay

Triple Stumper
    $200 8
Mercury

Leslie
    $200 1
Philadelphia

Leslie
    $200 7
the International Date Line

Jeff
    $200 13
an egg

Jeff
    $400 26
(Inez: What is Johnston?)

Johnstown

LeslieInez
    $400 3
an envoy

Leslie
    $400 15
Galileo

Jeff
    $400 28
the House Un-American Activities Committee

Leslie
    $400 9
Polynesia

Leslie
    $400 25
(Alex: And we have less than a minute to go.)

a mantis

Leslie
    $600 21
(Leslie: Who is Alexander)

Nicholas

LeslieJeff
    $2,500 4
an entourage

Leslie
    $600 16
Venus

Inez
    $600 29
Two for the Seesaw

Leslie
    $600 10
Balboa

Leslie
    $600 24
nothing

Leslie
    $800 20
the Andrea Doria

Leslie
    $800 5
roman à clef

Leslie
    $800 17
(Leslie: What is Mars?)

Pluto

LeslieJeff
    $800 30
Jason Miller

Triple Stumper
    $800 11
the Humboldt Current

Leslie
    $800 23
(Jeff: What is 7?)

6

LeslieJeff
    $1000 19
China

Jeff
    $1000 6
(Alex: You did well in the category.)

nuance

Leslie
    $1000 14
(Jeff: What is Jupiter?)
(Inez: What is Saturn?)

Uranus

LeslieInezJeff
    $1000 18
Seán O'Casey

Triple Stumper
    $1,500 12
the Bering Sea

Leslie
    $1000 22
Egyptian civilization

Triple Stumper

Scores at the end of the Double Jeopardy! Round:

Leslie Inez Jeff
$15,800 -$300 $2,000
(lock game)

[wagering suggestions for these scores]

Final Jeopardy! Round responses

PRESIDENTS
JeffWho was Taylor?
$2,000
LeslieWho was William Harrison?
$4,200
Dwight Eisenhower

Final scores:

Leslie Inez Jeff
$11,600 -$300 $0
3-day champion: $24,798 3rd place 2nd place

Game dynamics:

Coryat scores:

Leslie Inez Jeff
$12,300 -$300 $2,000
34 R
(including 3 DDs),
4 W
4 R,
4 W
9 R,
3 W

Combined Coryat: $14,000

[game clues] [game scores] [suggest correction]

Game tape date: 1991-01-07
The J! Archive is created by fans, for fans. Scraping, republication, monetization, and malicious use prohibited; this site may use cookies and collect identifying information. See terms. The Jeopardy! game show and all elements thereof, including but not limited to copyright and trademark thereto, are the property of Jeopardy Productions, Inc. and are protected under law. This website is not affiliated with, sponsored by, or operated by Jeopardy Productions, Inc. Join the discussion at JBoard.tv.